| 000 | 00590nam a2200181 i 4500 | ||
|---|---|---|---|
| 001 | 45706 | ||
| 003 | ES-MaACL | ||
| 005 | 20251222184219.0 | ||
| 007 | t| | ||
| 008 | 030326s1961 sp ||||1| spa d | ||
| 100 | 1 |
_aColombos, C. John. _939836 |
|
| 245 | 1 | 0 |
_aDerecho internacional marítimo / _cC. John Colombos ; traducción del inglés y prólogo por José Luis de Azcárraga. |
| 260 |
_aMadrid : _bAguilar, _c1961. |
||
| 300 |
_aXXIV, 640 p. ; _c25 cm. |
||
| 700 | 0 |
_aAzcárraga y Bustamante, José Luis de _924260 |
|
| 852 |
_aES-MaACL _jC-20421 _bR.48791 |
||
| 999 |
_c45706 _d45706 |
||